Development planning in a mixed economy

Na minha lista:
Detalhes bibliográficos
Autor principal: Srinivasan, T.N
Formato: Livro
Idioma:inglês
Publicado em: New Haven Yale University 1982
Colecção:Center Paper No. 308
Tags: Adicionar Tag
Sem tags, seja o primeiro a adicionar uma tag!

MARC

LEADER 00000nam a2200000 4500
001 c128883
005 20181203150425.6
041 0 |a eng 
044 |a US 
245 1 0 |a Development planning in a mixed economy  |c T.N. Srinivasan 
264 1 |a New Haven  |b Yale University  |c 1982 
300 |a 31 s. 
490 1 |a Center Paper  |v No. 308 
830 0 |a Center Paper  |v No. 308 
100 1 |a Srinivasan, T.N.